000 01051nam a2200241Ia 4500
003 GCL
008 140319s9999 xx 000 0 ara d
020 _a3726009948
040 _aGCL /
_cGCL
082 0 4 _a341.25
_bهـ أ
100 1 _aهيل عجمى جميل
245 1 0 _aامكانات التكامل النقدى بين دول مجلس التعاون لدول الخليج العربية /
_cهيل عجمى جميل
250 _aالاولى
260 _aالامارات :
_bمركز الامارات للدراسات والبحوث الاستراتيجية ،
_c2005
300 _a230ص ؛
_c24سم
650 0 4 _aالتعاون الدولى
650 0 4 _aالمنظمات الدولية
650 0 4 _aدول مجلس التعاون لدول الخليج
650 0 4 _aالخليج العربى - الاحوال السياسية
650 0 4 _aدول مجلس التعاون الخليجى - السياسة المالية
650 0 4 _aدول مجلس التعاون الخليجى - النظام النقدى
942 _2ddc
_cBK
999 _c8644
_d8644